Snusi Brands - Statistiken

Allgemein
  • Dieses Quiz wurde 120 mal gespielt
  • Das Durchschnittsergebnis liegt bei 7 aus 37
Antwortstatistiken
Antwort % Korrekt
Velo
92%
Pablo
77%
Siberia
74%
Camo Cuba
59%
Ice
49%
Iceberg
44%
Killa
44%
Fox
34%
Kurwa
34%
Skruf
31%
Thunder
26%
Odens
21%
Grant
19%
Baron
18%
Nois
15%
Ace
14%
Klint
12%
Loop
5%
Edel
4%
Fedrs
4%
Apres
3%
Candys
2%
Dope
2%
Lift
2%
Rabbit
2%
Cannadips
1%
Göteborgs Rape
1%
Gritt
1%
La Fruteria
1%
Puck
1%
Hit
0%
Kick
0%
Korn
0%
Mafia Hard
0%
Maverick
0%
Royal Lifestyle
0%
Vid
0%
Keine übereinstimmenden Quizze gefunden
Verteilung der Resultate
Anzahl Personen mit jedem Resultat
Perzentil nach korrekt beantworteten Fragen
Ihre Resultats-Entwicklung
Sie haben dieses Quiz noch nicht gespielt